000 00538nam a2200181Ia 4500
003 GCL
008 140319s9999 xx 000 0 ara d
040 _aGCL /
_cGCL
082 0 4 _a813.01
_bم ا
100 1 _aمحمود السعدنى
245 1 0 _aالافريكى /
_cمحمود السعدنى
300 _a130 ص
490 _aالكتاب الذهبى
_v0
650 0 4 _aالقصص العربية
650 0 4 _aالادب العربى - العصر الحديث
650 0 4 _aالقصص العربية - مصر
942 _2ddc
_cBK
999 _c39945
_d39945